| 000 | 00634nam a2200217 a 4500 | ||
|---|---|---|---|
| 999 |
_c6959 _d6959 |
||
| 001 | 6959 | ||
| 003 | BD-JhCC | ||
| 005 | 20180203101009.0 | ||
| 008 | 180203s2003 bg a|||| ||a| 000 0 ben d | ||
| 035 | _a(BD-JhCC)6959 | ||
| 040 |
_aBD-JhCC _dBD-JhCC |
||
| 041 | _aben | ||
| 082 |
_a954.9925 _bLEM 2003 |
||
| 100 | _aলেমন, জামিউর রহমান | ||
| 245 |
_aজীবন দর্শণ / _cজামিউর রহমান লেমন, |
||
| 260 |
_aঢাকা : _bঅ. আ. প্রকাশনী, _c2003 |
||
| 300 |
_a79 p. : _c22 cm. |
||
| 650 | _aBangladesh | ||
| 942 |
_2ddc _cBK |
||